Statistics for Movies by State Quiz

Click here to take the quiz!

General Stats

  • This quiz has been taken 29,652 times
    (22,853 since last reset)
  • The average score is 17 of 50

Answer Stats

Movie State % Correct
KSThe Wizard of OzKansas
91%
NVThe HangoverNevada
80%
NYGhostbustersNew York
75%
MI8 MileMichigan
68%
HI50 First DatesHawaii
67%
PARockyPennsylvania
65%
INHoosiersIndiana
61%
GAGone With the WindGeorgia
58%
WATwilightWashington
57%
ILFerris Bueller's Day OffIllinois
54%
MAGood Will HuntingMassachusetts
53%
WYBrokeback MountainWyoming
53%
ALTo Kill a MockingbirdAlabama
51%
OKTwisterOklahoma
51%
TXFriday Night LightsTexas
48%
IAField of DreamsIowa
45%
FLAce Ventura: Pet DetectiveFlorida
44%
CAPoint BreakCalifornia
42%
KYSecretariatKentucky
41%
AZTombstoneArizona
41%
VAPocahontasVirginia
39%
COThe ShiningColorado
37%
NEChildren of the CornNebraska
34%
TNThe Blind SideTennessee
33%
OHMajor LeagueOhio
33%
MNMighty DucksMinnesota
29%
NCBull DurhamNorth Carolina
28%
LAA Streetcar Named DesireLouisiana
28%
IDNapoleon DynamiteIdaho
27%
ORThe GooniesOregon
23%
WVWe Are MarshallWest Virginia
22%
METhe Shawshank RedemptionMaine
21%
NJHarold & Kumar Go to
White Castle
New Jersey
21%
NMThorNew Mexico
20%
MSIn the Heat of the NightMississippi
20%
UTSLC Punk!Utah
19%
SCThe NotebookSouth Carolina
18%
VTDead Poets SocietyVermont
18%
SDNorth by NorthwestSouth Dakota
18%
CTThe Stepford WivesConnecticut
17%
RIMe, Myself & IreneRhode Island
16%
MDThe Blair Witch ProjectMaryland
16%
MTThe Horse WhispererMontana
15%
ARSling BladeArkansas
10%
AKThe EdgeAlaska
10%
MORoad HouseMissouri
8%
DEFight ClubDelaware
7%
NHJumanjiNew Hampshire
7%
WIAmerican MovieWisconsin
5%
NDWooly BoysNorth Dakota
4%

Score Distribution

Percentile by Number Answered

Percent of People with Each Score

Your Score History

You have not taken this quiz since the last reset